<?xml version="1.0" encoding="UTF-8"?>
<record
    xmlns:xsi="http://www.w3.org/2001/XMLSchema-instance"
    xsi:schemaLocation="http://www.loc.gov/MARC21/slim http://www.loc.gov/standards/marcxml/schema/MARC21slim.xsd"
    xmlns="http://www.loc.gov/MARC21/slim">

  <leader>00392nam a2200145Ia 4500</leader>
  <controlfield tag="008">230411s9999    xx            000 0 und d</controlfield>
  <datafield tag="020" ind1=" " ind2=" ">
    <subfield code="a">0-7279-1238-0</subfield>
  </datafield>
  <datafield tag="041" ind1=" " ind2=" ">
    <subfield code="a">eng</subfield>
  </datafield>
  <datafield tag="082" ind1=" " ind2=" ">
    <subfield code="a">P/615.13/NOR/B03759</subfield>
  </datafield>
  <datafield tag="100" ind1=" " ind2=" ">
    <subfield code="a">Northern Neonatal Network</subfield>
    <subfield code="9">177908</subfield>
  </datafield>
  <datafield tag="245" ind1=" " ind2=" ">
    <subfield code="a">Neonatal formulary</subfield>
  </datafield>
  <datafield tag="260" ind1=" " ind2=" ">
    <subfield code="b">BMJ Publishing Group</subfield>
    <subfield code="a">London</subfield>
    <subfield code="c">1998</subfield>
  </datafield>
  <datafield tag="300" ind1=" " ind2=" ">
    <subfield code="a">270p</subfield>
  </datafield>
  <datafield tag="999" ind1=" " ind2=" ">
    <subfield code="c">154571</subfield>
    <subfield code="d">154571</subfield>
  </datafield>
  <datafield tag="952" ind1=" " ind2=" ">
    <subfield code="0">0</subfield>
    <subfield code="1">0</subfield>
    <subfield code="4">0</subfield>
    <subfield code="7">0</subfield>
    <subfield code="8">P</subfield>
    <subfield code="a">BTIN</subfield>
    <subfield code="b">BTIN</subfield>
    <subfield code="d">2006-10-09</subfield>
    <subfield code="e">British Library</subfield>
    <subfield code="g">50.00</subfield>
    <subfield code="i">V. NO. 259</subfield>
    <subfield code="l">0</subfield>
    <subfield code="o">P 615.13 NOR B03759</subfield>
    <subfield code="p">BTIN-BK-3759</subfield>
    <subfield code="r">2023-04-11 00:00:00</subfield>
    <subfield code="v">50.00</subfield>
    <subfield code="w">2006-10-09</subfield>
    <subfield code="y">BK</subfield>
    <subfield code="z">B03759</subfield>
  </datafield>
</record>
